| 000 | 00458nam a22001697a 4500 | ||
|---|---|---|---|
| 005 | 20240626100518.0 | ||
| 008 | 231208b |||||||| |||| 00| 0 eng d | ||
| 082 |
_a297.63 _bSHA-M |
||
| 100 | _aShams, Din Khawaja | ||
| 245 |
_aMuhammad -ur -Rasool ullah/ _cKhawaja Shams Din. |
||
| 250 | _a2nd ed. | ||
| 260 |
_aKarachi, Pakistan; _bAl Kitab Publications; _c2008. |
||
| 300 |
_a212 p.: _c21.5 cm. |
||
| 650 | _aReligion/Islam | ||
| 999 |
_c34859 _d34859 |
||